000 00288nam a22001337a 4500
008 170519b xxu||||| |||| 00| 0 eng d
020 _a394326911
041 _aeng
080 _a94(100)
100 _a16
101 _aSHH
245 _aWESTERN SOCIETIES
_cTIERNEY, B
942 _2udc
_cBK
999 _c13582
_d13582